|
|
|
|
| LEADER |
01093nab#a2200373#ar4500 |
| 001 |
000116921 |
| 003 |
SVKKK |
| 005 |
20160414091216.0 |
| 008 |
160412c xo |||||||||||||||b|slo |
| FMT |
|
|
|
| 015 |
|
|
|a SNBRB2016/04
|
| 038 |
|
|
|a SVKKK
|
| 040 |
|
|
|a SVKKK
|b slo
|e AACR2
|
| 041 |
0 |
|
|b eng
|
| 044 |
|
|
|a xo
|c SK
|
| 080 |
|
|
|a 551.44
|x (437.67)
|2 2011
|
| 100 |
1 |
|
|a Zacharov, Michal
|4 aut
|
| 245 |
1 |
0 |
|a Drienovská jaskyňa a problémy jej genézy
|c Michal Zacharov
|
| 504 |
|
|
|a Bibliogr. odkazy
|
| 546 |
|
|
|a Res. slov.
|
| 611 |
2 |
4 |
|a Výskum, využívanie a ochrana jaskýň
|g vedecká konferencia
|n (9. :
|d 23.-26.9.2013 :
|c Liptovská Sielnica, Slovensko)
|
| 650 |
0 |
4 |
|a jaskyne
|x charakteristiky
|x vývoj
|z Drienovská jaskyňa (Slovensko)
|
| 650 |
0 |
4 |
|a abstrakty
|
| 651 |
|
4 |
|a Drienovská jaskyňa (Slovensko)
|
| 773 |
0 |
|
|t Aragonit
|g Roč. 18, č. 1 (2013), s. 50
|x 1335-213X
|
| 958 |
|
|
|a NB
|
| 958 |
|
|
|a SK
|
| 974 |
|
|
|a CER
|
| 992 |
|
|
|a RBX
|
| BAS |
|
|
|
| 852 |
|
|
|a SVKKK
|b BIB
|
| 856 |
4 |
1 |
|u http://www.ssj.sk/web/user_files/aragonit18_1_cely.pdf
|
| EXP |
|
|
|
| 998 |
|
|
|a GEO
|